Prachin Bharatbarshar itihas (Minor1)/ (Record no. 11602)

MARC details
000 -LEADER
fixed length control field 00533nam a22001937a 4500
005 - DATE AND TIME OF LATEST TRANSACTION
control field 20230828163500.0
008 - FIXED-LENGTH DATA ELEMENTS--GENERAL INFORMATION
fixed length control field 230826b ||||| |||| 00| 0 eng d
020 ## - INTERNATIONAL STANDARD BOOK NUMBER
International Standard Book Number 9789358490244
040 ## - CATALOGING SOURCE
Original cataloging agency IN-DiNC
Transcribing agency IN-DiNC
041 ## - LANGUAGE CODE
Language code of sung or spoken text Assamese
082 ## - DEWEY DECIMAL CLASSIFICATION NUMBER
Classification number 934
Item number HUS
100 ## - MAIN ENTRY--PERSONAL NAME
Personal name Hussain, Tassaduk Amanul
Relator term Author
245 ## - TITLE STATEMENT
Title Prachin Bharatbarshar itihas (Minor1)/
Statement of responsibility, etc. by Tassaduk Amanul Hussain
250 ## - EDITION STATEMENT
Edition statement 1st ed.
260 ## - PUBLICATION, DISTRIBUTION, ETC.
Place of publication, distribution, etc. Dibrugarh:
Name of publisher, distributor, etc. Banalata,
Date of publication, distribution, etc. 2023.
300 ## - PHYSICAL DESCRIPTION
Extent 320p.
650 ## - SUBJECT ADDED ENTRY--TOPICAL TERM
Topical term or geographic name entry element History of Ancient India
942 ## - ADDED ENTRY ELEMENTS (KOHA)
Source of classification or shelving scheme Dewey Decimal Classification
Koha item type Books
Holdings
Withdrawn status Lost status Source of classification or shelving scheme Damaged status Not for loan Collection code Home library Current library Shelving location Date acquired Cost, normal purchase price Total Checkouts Full call number Barcode Date last seen Date last checked out Copy number Price effective from Koha item type
    Dewey Decimal Classification     History Naharkatiya College Library Naharkatiya College Library General Stacks 26/08/2023 350.00 7 934 HUS 29643 30/10/2025 09/10/2025 1 26/08/2023 Books
    Dewey Decimal Classification     History Naharkatiya College Library Naharkatiya College Library General Stacks 26/08/2023 350.00 10 934 HUS 29644 18/09/2025 18/09/2025 2 26/08/2023 Books
    Dewey Decimal Classification     History Naharkatiya College Library Naharkatiya College Library General Stacks 26/08/2023 350.00 3 934 HUS 29645 18/10/2024 05/10/2024 3 26/08/2023 Books
    Dewey Decimal Classification     History Naharkatiya College Library Naharkatiya College Library General Stacks 26/08/2023 350.00 4 934 HUS 29646 08/10/2025 24/09/2025 4 26/08/2023 Books
    Dewey Decimal Classification     History Naharkatiya College Library Naharkatiya College Library General Stacks 26/08/2023 350.00 8 934 HUS 29647 17/11/2025 03/11/2025 5 26/08/2023 Books
    Dewey Decimal Classification     History Naharkatiya College Library Naharkatiya College Library General Stacks 04/09/2025 350.00   934 HUS 31145 04/09/2025   6 04/09/2025 Books
    Dewey Decimal Classification     History Naharkatiya College Library Naharkatiya College Library General Stacks 04/09/2025 350.00   934 HUS 31146 04/09/2025   7 04/09/2025 Books
    Dewey Decimal Classification     History Naharkatiya College Library Naharkatiya College Library General Stacks 04/09/2025 350.00   934 HUS 31147 04/09/2025   8 04/09/2025 Books

Naharkatiya College © 2020. All rights reserved.

Powered By